Statistiken für Alle Binnenstaaten Afrikas

Klicken Sie hier um das Quiz zu spielen!

Allgemein

  • Dieses Quiz wurde 189 mal gespielt
  • Das Durchschnittsergebnis liegt bei 15 aus 16

Antwortstatistiken

Land% Korrekt
Tschad
99%
Niger
97%
Südsudan
97%
Uganda
97%
Ruanda
96%
Burundi
95%
Lesotho
95%
Zentralafrikanische Republik
95%
Botswana
94%
Burkina Faso
94%
Mali
94%
Sambia
94%
Simbabwe
94%
Swasiland
92%
Äthiopien
90%
Malawi
90%

Verteilung der Resultate

Perzentil nach korrekt beantworteten Fragen

Anzahl Personen mit jedem Resultat

Ihre Resultats-Entwicklung

Sie haben dieses Quiz noch nicht gespielt